| Tag |
First Indicator |
Second Indicator |
Subfields |
| LEADER |
00000cam a2200000 a 4500 |
| 001 |
in00000080314 |
| 005 |
20151008060923.0 |
| 008 |
811119s1981 sz b i00010 eng |
| 010 |
|
|
|a 81169446
|
| 015 |
|
|
|a Sw***
|
| 020 |
|
|
|a 922102511X (pbk.) :
|c 27.50F
|
| 020 |
|
|
|a 9221025101
|
| 035 |
|
|
|a (OCoLC)07532530
|
| 035 |
|
|
|9 AAJ6890AM
|
| 039 |
0 |
|
|a 2
|b 3
|c 3
|d 3
|e 3
|
| 040 |
|
|
|a DLC
|c DLC
|d TXA
|d UtOrBLW
|
| 049 |
|
|
|a TXAM
|c [387968]
|
| 050 |
0 |
0 |
|a HD4917
|b .S7
|
| 082 |
0 |
|
|a 331.2/3
|2 19
|
| 100 |
1 |
|
|a Starr, Gerald Frank.
|
| 245 |
1 |
0 |
|a Minimum wage fixing :
|b an international review of practices and problems /
|c Gerald Starr.
|
| 264 |
|
1 |
|a Geneva :
|b International Labour Office,
|c 1981.
|
| 300 |
|
|
|a xi, 203 pages ;
|c 24 cm.
|
| 336 |
|
|
|a text
|b txt
|2 rdacontent
|
| 337 |
|
|
|a unmediated
|b n
|2 rdamedia
|
| 338 |
|
|
|a volume
|b nc
|2 rdacarrier
|
| 504 |
|
|
|a Includes bibliographical references.
|
| 650 |
|
0 |
|a Minimum wage.
|
| 999 |
|
|
|a MARS
|
| 999 |
f |
f |
|s fc6b5069-25db-310e-b0dd-3737a61c5644
|i 5f0bb80d-f2f3-3213-9f46-4d751de5d828
|t 0
|
| 952 |
f |
f |
|p ric
|a Texas A&M University
|b Rellis Campus
|c Joint Library Facility
|d Remote Storage
|t 0
|e HD4917 .S7
|h Library of Congress classification
|i unmediated -- volume
|m A14825521492
|
| 998 |
f |
f |
|a HD4917 .S7
|t 0
|l Remote Storage
|